01822nam a2200409Ia 4500001001200000003000800012006001900020007001500039008004100054020002200095020002500117040002100142035002100163050002400184100002200208245011100230260006900341300001800410490005400428500003300482500003200515504005100547533015200598650003300750650005200783650006400835650006100899650005900960651005501019651005001074651004401124655002901168710001701197830005501214856012601269999001701395ebr10312458CaPaEBRm u cr cn|||||||||060704r20062004nju sb 001 0 eng d z0691127670 (pbk.) z9780691127675 (pbk.) aCaPaEBRcCaPaEBR a(OCoLC)64782312814aE839.5b.H64 2006eb1 aHodgson, Godfrey.10aMore equal than othersh[electronic resource] :bAmerica from Nixon to the new century /cGodfrey Hodgson. aPrinceton, N.J. ;aOxford :bPrinceton University Press,c[2006] axxiii, 379 p.1 aPolitics and society in twentieth-century America a"A Century Foundation book." aOriginally published: 2004. aIncludes bibliographical references and index. aElectronic reproduction.bPalo Alto, Calif. :cebrary,d2011.nAvailable via World Wide Web.nAccess may be limited to ebrary affiliated libraries. 0aConservatismzUnited States. 0aEqualityzUnited StatesxHistoryy20th century. 0aMinoritieszUnited StatesxSocial conditionsy20th century. 0aPolitical culturezUnited StatesxHistoryy20th century. 0aSocial conflictzUnited StatesxHistoryy20th century. 0aUnited StatesxPolitics and governmenty1945-1989. 0aUnited StatesxPolitics and governmenty1989- 0aUnited StatesxSocial conditionsy1980- 7aElectronic books.2local2 aebrary, Inc. 0aPolitics and society in twentieth-century America.40uhttp://site.ebrary.com/lib/rucke/Doc?id=10312458zAn electronic book accessible through the World Wide Web; click to view c63244d63244